[Event "URS-ch sf"]
[Site "Barnaul"]
[Date "1984.??.??"]
[Round "?"]
[White "Gorelov, Sergey G"]
[Black "Tseshkovsky, Vitaly"]
[Result "0-1"]
[WhiteElo "2445"]
[BlackElo "2505"]

1.d4 Nf6 2.c4 g6 3.Nc3 d5 4.cxd5 Nxd5 5.e4 Nxc3 6.bxc3 Bg7 7.Nf3 c5 8.Rb1 O-O
9.Be2 Bg4 10.O-O Nc6 11.d5 Na5 12.Qc2 e6 13.Bg5 f6 14.Be3 exd5 15.Rbd1 b6
16.exd5 Qd6 17.Qa4 Bd7 18.Bb5 Rad8 19.Rfe1 Rfe8 20.h3 a6 21.Bxd7 Qxd7 22.Qc2 Nc4
23.Bf4 Rxe1+ 24.Nxe1 g5 25.Bc1 Qf7 26.Qe4 b5 27.Nc2 f5 28.Qe2 f4 29.h4 h6
30.hxg5 hxg5 31.a4 Rxd5 32.Rxd5 Qxd5 33.axb5 axb5 34.Qe8+ Kh7 35.Qh5+ Bh6
36.Bxf4 Qf5 37.Be3 Qxc2 38.Qf7+ Bg7 39.Qh5+ Kg8 40.Qe8+ Bf8 41.Bxc5 Nd6 42.Bxd6 Qd1+
43.Kh2 Qxd6+ 44.g3 Qf6 45.Kh3 Qf5+ 46.Kg2 Kg7 47.Qc6 Qc5 48.Qe6 Bd6 49.Kh3 Qe5
50.Qd7+ Kg6 51.Kg2 Kf6 52.Kf1 Qc5 53.Kg2 Qd5+ 54.Kf1 Qc5 55.Kg2 Be7 56.Kf1 Ke5
57.Kg1 Bd6 58.Qg4 Kf6 59.Qd7 Bc7 60.Kg2 Bb6 61.Qd2 Ke6 62.Qc2 Qf5 63.Qe2+ Qe5
64.Qg4+ Qf5 65.Qe2+ Kd6 66.f3 Qe5 67.Qd3+ Kc5 68.Qd2 Bc7 69.Qf2+ Kc4 70.f4 gxf4  0-1

[Event "URS-ch sf"]
[Site "Barnaul"]
[Date "1984.??.??"]
[Round "?"]
[White "Vaisser, Anatoli"]
[Black "Dvoirys, Semen I"]
[Result "1/2-1/2"]
[WhiteElo "2475"]
[BlackElo "2485"]

1.d4 Nf6 2.c4 g6 3.Nc3 d5 4.cxd5 Nxd5 5.e4 Nxc3 6.bxc3 Bg7 7.Nf3 c5 8.Rb1 O-O
9.Be2 Qa5 10.O-O Qxa2 11.Bg5 Nd7 12.Bxe7 Re8 13.Bd6 cxd4 14.Nxd4 Nf6 15.f3 Nd5
16.Ra1 Qb2 17.Qa4 Bf5 18.exd5 Bxd4+ 19.Qxd4 Rxe2 20.g4 Rd2 21.Qb4 Bd3 22.Qxb2 Rxb2
23.Rfd1 Be2 24.Rd4 Bxf3 25.Bg3 a5 26.d6 Bc6 27.d7 Rd8 28.Rad1 Rg2+ 29.Kf1 Rxg3
30.hxg3 f6 31.Kf2 Kf7 32.c4 a4 33.R1d2 Ke7 34.Re2+ Kf7 35.Red2 g5 36.R4d3 Ke6
37.Re3+ Kf7 38.Red3 h6 39.Rd4 Ke7 40.Re2+ Kf7 41.Red2 Kg6 42.Rd6 Kf7 43.c5 Kg6
44.R2d3 h5 45.gxh5+ Kxh5 46.Rxf6 Rxd7 47.Rxd7 Bxd7 48.Rd6 Bc6 49.Rd4 Bb5
50.Rb4 Bc6 51.Rd4 Bb5 52.Rb4 Bc6 53.Rd4 Bb5  1/2-1/2

[Event "URS-ch sf"]
[Site "Barnaul"]
[Date "1984.??.??"]
[Round "?"]
[White "Shaboian, V."]
[Black "Tseshkovsky, Vitaly"]
[Result "1-0"]
[WhiteElo "2200"]
[BlackElo "2505"]

1.d4 Nf6 2.c4 g6 3.Nc3 d5 4.cxd5 Nxd5 5.e4 Nxc3 6.bxc3 Bg7 7.Bc4 c5 8.Ne2 O-O
9.O-O Nc6 10.Be3 cxd4 11.cxd4 Bg4 12.f3 Bd7 13.Rc1 Rc8 14.Qd2 Qa5 15.Qxa5 Nxa5
16.Bd3 Nc6 17.Rb1 b6 18.Rfc1 e6 19.Ba6 Rcd8 20.Bb5 Na5 21.Ba6 Ra8 22.Rc7 Bc8
23.Bxc8 Raxc8 24.Rbc1 Ra8 25.Bd2 Rfd8 26.e5 Bxe5 27.dxe5 Rxd2 28.Nc3 b5 29.Nxb5 Rxa2
30.Nd6 Nb3 31.R1c4 Rf8 32.h4 Ra1+ 33.Kh2 Nd2 34.Rf4 Nf1+ 35.Kh3 Ne3 36.Rfxf7 Rxf7
37.Nxf7 h5 38.Ng5 Ra6 39.Re7 Nc4 40.f4 Ne3 41.Nxe6 Nf5 42.Re8+ Kf7 43.Nc7  1-0

[Event "Bayamo"]
[Site "Bayamo"]
[Date "1984.??.??"]
[Round "?"]
[White "Estevez, Guillermo"]
[Black "Alzate, Dario"]
[Result "1-0"]
[WhiteElo "2430"]
[BlackElo "2390"]

1.d4 Nf6 2.c4 g6 3.Nc3 d5 4.cxd5 Nxd5 5.e4 Nxc3 6.bxc3 Bg7 7.Bc4 O-O 8.Ne2 Nc6
9.h4 Na5 10.Bd3 c5 11.Be3 Bg4 12.Rc1 cxd4 13.cxd4 Bxe2 14.Bxe2 Rc8 15.d5 Bc3+
16.Kf1 Qd6 17.h5 Be5 18.hxg6 hxg6 19.Qd2 Qa3 20.f4 Bc3 21.Qd3 Nc4 22.Rh3 Nb2
23.Qb1 Nc4 24.Bxc4 Rxc4 25.Qd3 Rfc8 26.Kg1 b5 27.Kh2 Qxa2 28.Rxc3 Rxc3 29.Bd4  1-0

[Event "Belgrade"]
[Site "Belgrade"]
[Date "1984.??.??"]
[Round "?"]
[White "Farago, Ivan"]
[Black "Raicevic, Momcilo"]
[Result "1-0"]
[WhiteElo "2525"]
[BlackElo "2375"]

1.d4 Nf6 2.c4 g6 3.Nc3 d5 4.cxd5 Nxd5 5.e4 Nxc3 6.bxc3 Bg7 7.Bc4 O-O 8.Ne2 c5
9.O-O Nc6 10.Be3 cxd4 11.cxd4 Bg4 12.f3 Na5 13.Bd3 Be6 14.d5 Bxa1 15.Qxa1 f6
16.Rb1 Bf7 17.Bh6 Re8 18.Bb5 Qb6+ 19.Nd4 Rec8 20.Bd7 Qa6 21.Bxc8 Rxc8 22.Bd2 Nc4
23.Bb4 Kf8 24.a4 Be8 25.Nc6 Rxc6 26.dxc6 Qxc6 27.Qd4 a5 28.Bc5 Ne5 29.Rb6 Qxa4
30.Rxf6+ Kg8 31.Qxa4 Bxa4 32.Bxe7 Bc6 33.Bd6 Nc4 34.Bf8 h5 35.Bc5 a4 36.Kf2 Ne5
37.Bd4 Nd3+ 38.Ke3 Nc1 39.Bb2 Nb3 40.e5 Na5 41.Bc3 Nc4+ 42.Kd4 Nb6 43.e6 Be8
44.Bb4 Kg7 45.Rf8 Bc6 46.e7  1-0

[Event "Berlin op"]
[Site "Berlin-West"]
[Date "1984.??.??"]
[Round "2"]
[White "De Boer, Gert Jan"]
[Black "Smejkal, Jan"]
[Result "0-1"]
[WhiteElo "2335"]
[BlackElo "2540"]

1.d4 Nf6 2.c4 g6 3.Nc3 d5 4.cxd5 Nxd5 5.e4 Nxc3 6.bxc3 Bg7 7.Bc4 c5 8.Ne2 O-O
9.O-O Nc6 10.Be3 b6 11.Rc1 Bb7 12.Qd2 Rc8 13.Rfd1 Na5 14.Bd3 e5 15.dxe5 Bxe5
16.Bh6 Re8 17.Qe3 Qe7 18.f4 Bg7 19.Bxg7 Kxg7 20.Ng3 Rcd8 21.Bb5 Rxd1+ 22.Rxd1 Rd8
23.Rxd8 Qxd8 24.Be2 Nc6 25.h3 Qe7 26.e5 f6 27.exf6+ Kxf6 28.Kf2 Qxe3+ 29.Kxe3 Ne7
30.Bf3 Bd5 31.a3 Ke6 32.Ne4 Bxe4 33.Bxe4 Nd5+ 34.Bxd5+ Kxd5 35.a4 a6 36.Kd3 b5
37.c4+ bxc4+ 38.Kc3 h5 39.g4 h4 40.a5 Ke4 41.Kxc4 Kxf4 42.Kxc5 Kg3 43.Kb6 Kxh3
44.Kxa6 Kxg4  0-1

[Event "Midwest Masters-B"]
[Site "Chicago"]
[Date "1984.??.??"]
[Round "4"]
[White "Schiller, Eric"]
[Black "Eckert, Doug D"]
[Result "1/2-1/2"]
[WhiteElo "2205"]
[BlackElo "2290"]

1.d4 Nf6 2.c4 g6 3.Nc3 d5 4.cxd5 Nxd5 5.e4 Nxc3 6.bxc3 Bg7 7.Bc4 O-O 8.Ne2 Nc6
9.Be3 b6 10.O-O Bb7 11.f3 Na5 12.Bd3 Rc8 13.Qd2 c5 14.Rac1 Qd7 15.Bh6 Bxh6
16.Qxh6 cxd4 17.cxd4 Rxc1 18.Rxc1 Rc8 19.Qf4 Nc6 20.Bb5 a6 21.Ba4 e6 22.Qf6 b5
23.Bb3 Na5 24.Rxc8+ Qxc8 25.d5 exd5 26.Bxd5 Bxd5 27.exd5 Qc5+ 28.Kf1 Qxd5
29.Qxa6 Nc4 30.Qa7 Qd3  1/2-1/2

[Event "Midwest Masters-B"]
[Site "Chicago"]
[Date "1984.??.??"]
[Round "4"]
[White "Dandridge, Marvin"]
[Black "Mills, James A"]
[Result "1-0"]
[WhiteElo "2305"]
[BlackElo "2170"]

1.d4 Nf6 2.c4 g6 3.Nc3 d5 4.cxd5 Nxd5 5.e4 Nxc3 6.bxc3 Bg7 7.Bc4 O-O 8.Ne2 c5
9.Be3 Nd7 10.O-O Nb6 11.Bd3 cxd4 12.cxd4 Be6 13.Qd2 Nc4 14.Bxc4 Bxc4 15.Rfd1 e5
16.d5 Qd6 17.a4 Rfc8 18.Rdb1 Qa6 19.Nc1 Bf8 20.a5 f6 21.f3 Rc7 22.Qf2 f5
23.Qb2 fxe4 24.fxe4 Bd3 25.Nxd3 Qxd3 26.Re1 Qxe4 27.Bxa7 Qxd5 28.Rxe5 Qd6
29.Bb6 Rcc8 30.Rf1 Bg7 31.Qa2+ Kh8 32.Re6 Qd7 33.Qe2 Rf8 34.Re1 Bd4+ 35.Kh1 Bxb6
36.axb6 Rf7 37.Qe5+ Kg8 38.h3 Raf8 39.Kh2 Qd8 40.Rc1 Qb8 41.Rc7 Qd8 42.Ree7 Rxe7
43.Rxe7 Qxe7 44.Qxe7 Rf7 45.Qe5 Kf8 46.g4 Kg8 47.h4 Rf8 48.h5 gxh5 49.gxh5 Rf7
50.h6 Rf6 51.Qd5+ Rf7 52.Kg3  1-0

[Event "Troll Masters"]
[Site "Gausdal"]
[Date "1984.??.??"]
[Round "2"]
[White "Valkesalmi, Kimmo"]
[Black "Yrjola, Jouni"]
[Result "1/2-1/2"]
[WhiteElo "2290"]
[BlackElo "2515"]

1.d4 Nf6 2.c4 g6 3.Nc3 d5 4.cxd5 Nxd5 5.e4 Nxc3 6.bxc3 Bg7 7.Be3 c5 8.Rc1 Qa5
9.Qd2 cxd4 10.cxd4 Qxd2+ 11.Kxd2 O-O 12.d5 e6 13.Bc4 exd5 14.Bxd5 Nd7 15.f3 Nb6
16.Bb3 Rd8+ 17.Kc2 Bd7 18.Ne2 Rac8+ 19.Kb1 Rxc1+ 20.Rxc1 Bb5  1/2-1/2

[Event "Bundesliga 8384"]
[Site "Germany"]
[Date "1984.??.??"]
[Round "?"]
[White "Angantysson, Haukur"]
[Black "Doncevic, Dario"]
[Result "1-0"]
[WhiteElo "2395"]
[BlackElo "2350"]

1.d4 Nf6 2.c4 g6 3.Nc3 d5 4.cxd5 Nxd5 5.e4 Nxc3 6.bxc3 Bg7 7.Nf3 c5 8.Be3 Bg4
9.Bb5+ Nc6 10.Bxc6+ bxc6 11.O-O O-O 12.Rc1 Qa5 13.Qe2 Rad8 14.Rfd1 Qa4 15.e5 f6
16.exf6 Bxf6 17.Bh6 Rfe8 18.dxc5 Rxd1+ 19.Rxd1 Bxc3 20.h3 Bf5 21.Ng5 Bf6
22.g4 Bc8 23.Rd6 Qb5 24.Qe4 Bxg5 25.Rxg6+  1-0

[Event "Grindavik"]
[Site "Grindavik"]
[Date "1984.??.??"]
[Round "4"]
[White "Christiansen, Larry Mark"]
[Black "Gutman, Lev"]
[Result "1/2-1/2"]
[WhiteElo "2550"]
[BlackElo "2480"]

1.d4 Nf6 2.c4 g6 3.Nc3 d5 4.cxd5 Nxd5 5.e4 Nxc3 6.bxc3 Bg7 7.Bc4 O-O 8.Be3 c5
9.Ne2 Nc6 10.O-O Qc7 11.Rc1 Rd8 12.Qd2 Qa5 13.Rfd1 Bg4 14.Qb2 Qb6 15.Qxb6 axb6
16.f3 Be6 17.Bxe6 fxe6 18.dxc5 Rxd1+ 19.Rxd1 bxc5 20.Bxc5 Rxa2 21.Nd4 Bxd4+
22.cxd4 Rc2 23.Bb6 Rb2 24.Bc7 b5 25.d5 exd5 26.exd5 Nb4 27.Be5 Re2 28.Bf4 Rc2
29.h4 Na2 30.d6 exd6 31.Rxd6 b4 32.Rf6 Rc8 33.Rb6 Rc4 34.Bg5 Kf7 35.Kf2 Nc3
36.g4 Nd5 37.Rb7+ Ke6 38.h5 gxh5 39.gxh5 Rc2+ 40.Ke1 Rc7 41.Rxc7  1/2-1/2

[Event "Grindavik"]
[Site "Grindavik"]
[Date "1984.??.??"]
[Round "9"]
[White "McCambridge, Vincent"]
[Black "Hjartarson, Johann"]
[Result "1-0"]
[WhiteElo "2465"]
[BlackElo "2415"]

1.d4 Nf6 2.c4 g6 3.Nc3 d5 4.cxd5 Nxd5 5.e4 Nxc3 6.bxc3 Bg7 7.Nf3 c5 8.Rb1 O-O
9.Be2 Nc6 10.d5 Ne5 11.Nxe5 Bxe5 12.Qd2 e6 13.f4 Bh8 14.c4 Re8 15.e5 f6 16.f5 gxf5
17.Rb3 Re7 18.d6 Rg7 19.exf6 Qxf6 20.Bb2 e5 21.Bxe5 Qxe5 22.Re3 Qe6 23.Rxe6 Bxe6
24.Qe3 Re8 25.Qxc5 Rxg2 26.d7 Rxe2+ 27.Kxe2 Bxd7+ 28.Kd2 Be6 29.Qc7 Bd4 30.Rb1 Bb6
31.Qg3+ Kf7 32.Qh4 Rd8+ 33.Kc2 Rd4 34.Qxh7+ Kf6 35.Qh8+ Kf7 36.Qh7+ Kf6 37.Rxb6 Rxc4+
38.Kd3 axb6 39.h4 Ra4 40.Qh6+ Kf7 41.h5 f4 42.Qg6+ Ke7 43.h6 Ra3+ 44.Ke4 Ra4+
45.Ke5 Ra5+ 46.Kxf4 Ra4+ 47.Ke3 Ra3+ 48.Kd4  1-0

[Event "Hamburg op"]
[Site "Hamburg"]
[Date "1984.??.??"]
[Round "1"]
[White "Behrhorst, Frank"]
[Black "Ghinda, Mihail Viorel"]
[Result "0-1"]
[WhiteElo "2285"]
[BlackElo "2465"]

1.d4 Nf6 2.c4 g6 3.Nc3 d5 4.cxd5 Nxd5 5.e4 Nxc3 6.bxc3 Bg7 7.Bc4 O-O 8.Ne2 Nc6
9.O-O b6 10.Be3 Bb7 11.Qd2 Na5 12.Bd3 c5 13.dxc5 bxc5 14.Rad1 Qc7 15.Bg5 Bc6
16.Qe3 Ba4 17.Rd2 Rfd8 18.f4 c4 19.Bb1 Rxd2 20.Qxd2 Qb6+ 21.Kh1 Rd8 22.Qc1 Qc5
23.Bh4 Nc6 24.Bf2 Qd6 25.e5 Qd2 26.Nd4 Qxc1 27.Rxc1 Bh6 28.Bc2 Nxd4 29.Bxd4 Bxf4
30.Rf1 Bxc2 31.Rxf4 a6 32.Rf2 Bf5 33.Rb2 f6 34.Kg1 fxe5 35.Bxe5 Rd5 36.Bd4 e5
37.Rb8+ Kf7 38.Rb7+ Ke6 39.Rb6+ Kd7 40.Be3 Rd3 41.Kf2 Rxc3 42.Rxa6 Be4 43.a4 Rc2+
44.Ke1 Rxg2 45.Ra7+ Kd6 46.Rxh7 c3 47.Bb6 c2 48.Rc7 Bc6  0-1

[Event "Helsinki"]
[Site "Helsinki"]
[Date "1984.??.??"]
[Round "?"]
[White "Ornstein, Axel"]
[Black "Paavilainen, Jorma"]
[Result "1-0"]
[WhiteElo "2405"]
[BlackElo "2280"]

1.d4 Nf6 2.c4 g6 3.Nc3 d5 4.cxd5 Nxd5 5.e4 Nxc3 6.bxc3 Bg7 7.Nf3 c5 8.Be3 O-O
9.Rc1 Qa5 10.Qd2 cxd4 11.cxd4 Qxd2+ 12.Nxd2 Rd8 13.Nb3 e6 14.Bg5 f6 15.Be3 Nc6
16.Bb5 Ne7 17.O-O a6 18.Be2 f5 19.Bg5 Re8 20.Rc7 Bf8 21.f3 Nc6 22.Bf6 Nb8
23.Nc5 b6 24.Bc4 Bxc5 25.Rxc8 Rxc8 26.Bxe6+ Kf8 27.Bxc8  1-0

[Event "ISR-ch"]
[Site "?"]
[Date "1984.??.??"]
[Round "?"]
[White "Birnboim, Nathan"]
[Black "Shvidler, Eliahu"]
[Result "1-0"]
[WhiteElo "2440"]
[BlackElo "2445"]

1.d4 Nf6 2.c4 g6 3.Nc3 d5 4.cxd5 Nxd5 5.e4 Nxc3 6.bxc3 Bg7 7.Be3 c5 8.Qd2 Qa5
9.Nf3 O-O 10.Rc1 Bg4 11.d5 Bxf3 12.gxf3 Nd7 13.c4 Qc7 14.f4 e5 15.f5 Nf6
16.Bd3 gxf5 17.exf5 e4 18.Be2 Qe5 19.Rg1 Qxh2 20.Rg3 Nh5 21.Rg5 Nf6 22.Kd1 h6
23.Rg3 Nh5 24.f6 Nxg3 25.fxg7 Rfd8 26.fxg3 b5 27.cxb5 Qxg3 28.Rxc5 Rac8 29.Rc6 Qe5
30.Bc4 a6 31.Rxh6 Qa1+ 32.Ke2 Qxg7 33.Qd4 axb5 34.Qxg7+ Kxg7 35.Bb3 f6 36.Rh4 f5
37.Rh5 Kg6 38.Rh6+ Kg7 39.Rb6 Rb8 40.Bd4+ Kh7 41.Rxb8 Rxb8 42.d6 Rd8 43.Be5 Kg6
44.Be6  1-0

[Event "New York op"]
[Site "New York"]
[Date "1984.??.??"]
[Round "5"]
[White "Portisch, Lajos"]
[Black "London, Dimitri"]
[Result "1-0"]
[WhiteElo "2625"]
[BlackElo "2335"]

1.d4 Nf6 2.c4 g6 3.Nc3 d5 4.cxd5 Nxd5 5.e4 Nxc3 6.bxc3 Bg7 7.Bc4 O-O 8.Be3 b6
9.Bd5 c6 10.Bb3 Bb7 11.Ne2 c5 12.d5 Nd7 13.Rb1 Ne5 14.f4 c4 15.fxe5 cxb3
16.axb3 e6 17.c4 Qh4+ 18.Ng3 Bxe5 19.O-O exd5 20.exd5 f5 21.Bf2 Rae8 22.Qd3 Qf6
23.Rbe1 Re7 24.Ne2 Rfe8 25.Nd4 Qd6 26.Nf3 Bf6 27.Rxe7 Rxe7 28.Bd4 Bxd4+ 29.Qxd4 Re4
30.Qa1 a5 31.Re1 a4 32.bxa4 Qc5+ 33.Kh1 Qxc4 34.Rc1 Qxd5 35.Rc7  1-0

[Event "Nuoro"]
[Site "Nuoro"]
[Date "1984.??.??"]
[Round "?"]
[White "Sanna, Gianlazzaro"]
[Black "Cocozza, Mario"]
[Result "1/2-1/2"]
[WhiteElo "2315"]
[BlackElo "2285"]

1.d4 Nf6 2.c4 g6 3.Nc3 d5 4.cxd5 Nxd5 5.e4 Nxc3 6.bxc3 Bg7 7.Bc4 c5 8.Ne2 O-O
9.O-O cxd4 10.cxd4 Nc6 11.Be3 Bg4 12.f3 Na5  1/2-1/2

[Event "Nuoro"]
[Site "Nuoro"]
[Date "1984.??.??"]
[Round "?"]
[White "Sanna, Gianlazzaro"]
[Black "Rogers, Ian"]
[Result "1/2-1/2"]
[WhiteElo "2315"]
[BlackElo "2455"]

1.d4 Nf6 2.c4 g6 3.Nc3 d5 4.cxd5 Nxd5 5.e4 Nxc3 6.bxc3 Bg7 7.Bc4 O-O 8.Ne2 Qd7
9.Be3 b6 10.O-O Bb7 11.f3 Nc6 12.Qd2 Na5 13.Bd3 c5 14.Rfd1 cxd4 15.cxd4 Rfc8
16.Rac1 e6 17.Rxc8+ Rxc8 18.Rc1 Rxc1+ 19.Qxc1 Nc6 20.Qc4 Qd6 21.Qa4 h5 22.Bb5 a5
23.Qc4 Na7 24.Bf4 Qd8 25.Ba4 b5 26.Bxb5 e5 27.Ba6 Bxe4 28.Bxe5 Bd5 29.Qc7 Qxc7
30.Bxc7 Nc6 31.Bb7 a4 32.Bb6 Nb4 33.Bxd5 Nxd5 34.Bc5 f5 35.Nc1 Kf7 36.Nd3  1/2-1/2

[Event "Plovdiv"]
[Site "Plovdiv"]
[Date "1984.??.??"]
[Round "1"]
[White "Rivas Pastor, Manuel"]
[Black "Georgiev, Kiril"]
[Result "1-0"]
[WhiteElo "2500"]
[BlackElo "2430"]

1.d4 Nf6 2.c4 g6 3.Nc3 d5 4.cxd5 Nxd5 5.e4 Nxc3 6.bxc3 Bg7 7.Nf3 c5 8.Be3 Qa5
9.Qd2 Bg4 10.Rb1 Bxf3 11.gxf3 cxd4 12.cxd4 Qxd2+ 13.Kxd2 Nc6 14.d5 O-O-O
15.Ba6 bxa6 16.Rhc1 Rd6 17.Ke2 Kc7 18.Bc5 Kd7 19.Rb7+ Kc8 20.Bxd6 Kxb7 21.dxc6+ Kb6
22.Bxe7 Rc8 23.Bc5+ Kb5 24.Bxa7 Rxc6 25.a4+  1-0

[Event "Plovdiv"]
[Site "Plovdiv"]
[Date "1984.??.??"]
[Round "9"]
[White "Peev, Peicho Chonev"]
[Black "Georgiev, Kiril"]
[Result "1/2-1/2"]
[WhiteElo "2405"]
[BlackElo "2430"]

1.d4 Nf6 2.c4 g6 3.Nc3 d5 4.cxd5 Nxd5 5.e4 Nxc3 6.bxc3 Bg7 7.Bc4 O-O 8.Ne2 c5
9.O-O Nc6 10.Be3 Qc7 11.Rc1 Rd8 12.Bf4 e5 13.Bg5 Rd6 14.Bd5 cxd4 15.cxd4 Be6
16.dxe5 Bxe5 17.Qb3 Re8 18.Nf4 Qd7 19.Rfd1 Nd4 20.Bxe6 fxe6 21.Qe3 Nc6 22.Rxd6 Qxd6
23.g3 Bg7 24.Ne2 Rf8 25.Qb3 Rf7 26.Bf4 Qe7 27.Be3 Qf6 28.Nf4 Bh6 29.Rd1 Bxf4
30.gxf4 e5 31.fxe5 Nxe5 32.f4 Ng4 33.Bc1 Qe7 34.Qd5 Nf6 35.Qd8+ Qxd8 36.Rxd8+ Rf8
37.Rd4 Nh5 38.e5 Rc8 39.Be3 Rc7 40.Kf2 Kf7 41.Rd6 b6 42.Kf3 Ng7 43.Bd2 Nf5
44.Rf6+ Ke8 45.Bb4 Rf7 46.Rxf7 Kxf7 47.Ke4 Ke6 48.Bf8 a6 49.a3 h6 50.Bb4 h5
51.Bf8 h4 52.Bb4 h3 53.Kf3 Nd4+ 54.Kg4 a5 55.Bd2 a4 56.Be3 Nc2 57.Bxb6 Nxa3
58.Kg5 Nb5 59.Bc5 a3 60.Bxa3 Nxa3 61.Kxg6  1/2-1/2

[Event "POL-ch"]
[Site "Poznan"]
[Date "1984.??.??"]
[Round "8"]
[White "Szymczak, Zbigniew"]
[Black "Schmidt, Wlodzimierz"]
[Result "1/2-1/2"]
[WhiteElo "2355"]
[BlackElo "2485"]

1.d4 Nf6 2.c4 g6 3.Nc3 d5 4.cxd5 Nxd5 5.e4 Nxc3 6.bxc3 Bg7 7.Bc4 c5 8.Ne2 O-O
9.Be3 Nc6 10.O-O Qc7 11.Rc1 Rd8 12.Qd2 Qa5 13.Rfd1 Bd7 14.Bh6 cxd4 15.Bxg7 Kxg7
16.Qf4 dxc3 17.Qxf7+ Kh8 18.Rd5 Qb4 19.Nf4 Qxc4 20.Nxg6+ hxg6 21.Qxg6 e5  1/2-1/2

[Event "Rostock"]
[Site "Rostock"]
[Date "1984.??.??"]
[Round "?"]
[White "Knaak, Rainer"]
[Black "Tseshkovsky, Vitaly"]
[Result "0-1"]
[WhiteElo "2530"]
[BlackElo "2490"]

1.d4 Nf6 2.c4 g6 3.Nc3 d5 4.cxd5 Nxd5 5.e4 Nxc3 6.bxc3 Bg7 7.Bc4 c5 8.Ne2 O-O
9.O-O Nc6 10.Be3 cxd4 11.cxd4 Bg4 12.f3 Bd7 13.Rb1 a6 14.Qd2 Rc8 15.Bd3 b5
16.Rfc1 e6 17.Rc2 Re8 18.Rbc1 Qe7 19.a4 bxa4 20.Bxa6 Ra8 21.Bb5 Nb8 22.Rc7 a3
23.Qa2 Qd8 24.Bxd7 Nxd7 25.R1c3 Nb6 26.R7c6 Bf8 27.Bf4 Nd7 28.Rc7 Nb6 29.Rb7 Nc8
30.Rbc7 Nd6 31.R7c5 Qb6 32.Rc6 Qb2 33.Rc2 Qxa2 34.Rxa2 Nb5 35.Rcc2 Rec8 36.Rxc8 Rxc8
37.Kf2 Rc4 38.Ke3 Rb4 39.Kd3 f6 40.Bd2 Rb1 41.Nc3 Rb3 42.d5 exd5 43.Kc2 Nxc3
44.Bxc3 Rb5 45.Bxf6 dxe4 46.fxe4 Kf7 47.Bc3 Ke6 48.Kd3 Rb7 49.h3 Ra7 50.Bd4 Ra4
51.Bc3 Bc5 52.e5 Kd5 53.Re2 a2 54.e6 Ra3  0-1

[Event "Smederevska Palanka"]
[Site "Smederevska Palanka"]
[Date "1984.??.??"]
[Round "?"]
[White "Cvitan, Ognjen"]
[Black "Jansa, Vlastimil"]
[Result "1-0"]
[WhiteElo "2470"]
[BlackElo "2475"]

1.d4 Nf6 2.c4 g6 3.Nc3 d5 4.cxd5 Nxd5 5.e4 Nxc3 6.bxc3 Bg7 7.Nf3 c5 8.Rb1 O-O
9.Be2 Nc6 10.d5 Ne5 11.Nxe5 Bxe5 12.Qd2 e6 13.f4 Bh8 14.d6 b6 15.O-O Bb7
16.e5 Qd7 17.c4 f6 18.Bb2 Rf7 19.Qe3 fxe5 20.Bxe5 Bxe5 21.fxe5 Raf8 22.Rxf7 Rxf7
23.Rf1 Rxf1+ 24.Bxf1 Bc6 25.Qg5 Qf7 26.h4 Kg7 27.Bd3 h6 28.Qg4 a6 29.Qg3 b5
30.Qe3 Bd7 31.Qxc5 Qf4 32.Qa7 Kh8 33.Qb8+ Kg7 34.Qa7 Kg8 35.cxb5 axb5 36.Qa8+ Kg7
37.Qe4 Qg3 38.h5 gxh5 39.Qh7+ Kf8 40.Qxh6+  1-0

[Event "Smederevska Palanka"]
[Site "Smederevska Palanka"]
[Date "1984.??.??"]
[Round "?"]
[White "Ristic, Nebojsa"]
[Black "Jansa, Vlastimil"]
[Result "0-1"]
[WhiteElo "2290"]
[BlackElo "2475"]

1.d4 Nf6 2.c4 g6 3.Nc3 d5 4.cxd5 Nxd5 5.e4 Nxc3 6.bxc3 Bg7 7.Bc4 O-O 8.Be3 c5
9.Ne2 Nc6 10.O-O b6 11.dxc5 Qc7 12.Nd4 Ne5 13.Nb5 Qb8 14.Bf4 bxc5 15.Rb1 a6
16.Na3 Qc7 17.Bd5 Ra7 18.Nc4 e6 19.Nxe5 Bxe5 20.Bxe5 Qxe5 21.Bc6 Qxc3 22.Qd6 Qd4
23.Rfd1 Qxd6 24.Rxd6 f6 25.Rc1 Kf7 26.Rxc5 Ke7 27.Rd1 Rc7 28.Rdc1 Rd8 29.Ba4 Rxc5
30.Rxc5 Rd4 31.Bb3 Rb4 32.e5 fxe5 33.Rxe5 Kd6 34.Re2 a5 35.f3 a4 36.Bc2 Ba6
37.Re3 Rc4 38.Be4 Rc1+ 39.Kf2 Ra1 40.a3 Ra2+ 41.Kg3 Kc5 42.Rc3+ Kd4 43.Rc7 h6
44.Bxg6 Rxa3 45.Bf7 Bc4 46.Be8 Ra1 47.Bxa4 Rxa4 48.Rh7 Ra2 49.Rxh6 Ke5 50.Rh4 Bf1
51.Re4+ Kf6 52.Re1 Rxg2+ 53.Kh3 Rg1+ 54.Kh4 Kf5 55.Ra1 Kf4 56.Kh5 Rg5+ 57.Kh6 Bc4
58.h4 Rg2 59.Ra4 Rc2 60.h5 Kf5 61.Kh7 Bd5  0-1

[Event "Smederevska Palanka"]
[Site "Smederevska Palanka"]
[Date "1984.??.??"]
[Round "?"]
[White "Ristic, Nebojsa"]
[Black "Lechtynsky, Jiri"]
[Result "1/2-1/2"]
[WhiteElo "2290"]
[BlackElo "2470"]

1.d4 Nf6 2.c4 g6 3.Nc3 d5 4.cxd5 Nxd5 5.e4 Nxc3 6.bxc3 Bg7 7.Bc4 O-O 8.Be3 c5
9.Ne2 Nc6 10.O-O Qc7 11.Rc1 Rd8 12.Qd2 b6 13.Bh6 e6 14.Bxg7 Kxg7 15.f4 Na5
16.Bd3 f5 17.g4 Bb7 18.exf5 exf5 19.gxf5 Qc6 20.Ng3 gxf5 21.Rce1 cxd4 22.cxd4 Rxd4
23.Qb2 Kg8 24.Bxf5 Qc5 25.Rf2 Rad8 26.Qe2 Qc7 27.Qh5 Bc6 28.Rfe2 Rd2 29.Qg5+ Qg7
30.Bxh7+ Kh8 31.Qxg7+ Kxg7 32.Re7+ Kf8 33.R7e6 Rg2+ 34.Kf1 Rxh2 35.Be4 Bxe4
36.R6xe4 Rxa2 37.Re5 Nc4 38.Rf5+ Kg8 39.Rg5+ Kf7 40.Rf5+ Kg8 41.Rg5+ Kf8
42.Rf5+  1/2-1/2

[Event "BUL-ch"]
[Site "Sofia"]
[Date "1984.??.??"]
[Round "?"]
[White "Georgiev, Kiril"]
[Black "Zahariev, Zahari"]
[Result "1-0"]
[WhiteElo "2515"]
[BlackElo "2355"]

1.d4 Nf6 2.c4 g6 3.Nc3 d5 4.cxd5 Nxd5 5.e4 Nxc3 6.bxc3 Bg7 7.Nf3 O-O 8.Be2 b6
9.O-O Bb7 10.Qd3 Nd7 11.Bg5 h6 12.Bh4 Re8 13.Rad1 Qc8 14.Rfe1 a5 15.Bg3 e5
16.Bf1 Ba6 17.c4 exd4 18.Nxd4 Nc5 19.Qc2 Bb7 20.f3 Rd8 21.Nb5 Ne6 22.Rd5 c6
23.Nd6 Qd7 24.Rdd1 Qe7 25.e5 c5 26.Bd3 Bc6 27.Be4 Bxe4 28.Qxe4 Rab8 29.f4 Nd4
30.Bf2 f5 31.Qd5+ Ne6 32.Bh4 Qxh4 33.Qxe6+ Kh7 34.Rf1 Rf8 35.Rd3 Qh5 36.Rff3 Rbd8
37.h3 g5 38.Nxf5 Rxd3 39.Rxd3 Qg6 40.Qxg6+ Kxg6 41.g4  1-0

[Event "BUL-ch"]
[Site "Sofia"]
[Date "1984.??.??"]
[Round "?"]
[White "Spassov, Liuben"]
[Black "Radev, Nikolai"]
[Result "1/2-1/2"]
[WhiteElo "2460"]
[BlackElo "2325"]

1.d4 Nf6 2.c4 g6 3.Nc3 d5 4.cxd5 Nxd5 5.e4 Nxc3 6.bxc3 Bg7 7.Nf3 c5 8.Rb1 O-O
9.Be2 Qa5 10.O-O Qxa2 11.Bg5 Qe6 12.e5 Rd8 13.Qa4 Qc6 14.Qb3 Be6 15.c4 cxd4
16.Bxe7 Rd7 17.Bd6 Qc8 18.Ng5 Nc6 19.Nxe6 fxe6 20.c5 Rf7 21.Bg4 Nd8 22.f4 a5
23.Rbd1 a4 24.Qa2 Bf8 25.Qc4 Bxd6 26.exd6 Ra5 27.Rc1 a3 28.Qxd4 a2 29.g3 h5
30.Bh3 Kh7 31.Rfd1 Rd7 32.Rc2 b6 33.c6 Nxc6 34.Qa1 Qa8 35.Bg2 Nb4 36.Rb2  1/2-1/2

[Event "URS-FL"]
[Site "Sverdlovsk"]
[Date "1984.??.??"]
[Round "?"]
[White "Ehlvest, Jaan"]
[Black "Gavrikov, Viktor"]
[Result "1/2-1/2"]
[WhiteElo "2505"]
[BlackElo "2505"]

1.d4 Nf6 2.c4 g6 3.Nc3 d5 4.cxd5 Nxd5 5.e4 Nxc3 6.bxc3 Bg7 7.Bc4 c5 8.Ne2 Nc6
9.Be3 O-O 10.O-O Bg4 11.f3 Na5 12.Bd5 Bd7 13.Rb1 Qc7 14.a3 a6 15.dxc5 e6
16.c6 Bxc6 17.Bb6 Qe7 18.Bxc6 Nxc6 19.Qa4 Ne5 20.f4 Nd7 21.Bf2 b5 22.Qb4 Qxb4
23.cxb4 Rfc8 24.e5 g5  1/2-1/2

[Event "URS-ch sf"]
[Site "Sverdlovsk"]
[Date "1984.??.??"]
[Round "?"]
[White "Gurevich, Mikhail"]
[Black "Gavrikov, Viktor"]
[Result "1/2-1/2"]
[WhiteElo "2420"]
[BlackElo "2485"]

1.d4 Nf6 2.c4 g6 3.Nc3 d5 4.cxd5 Nxd5 5.e4 Nxc3 6.bxc3 Bg7 7.Nf3 c5 8.Rb1 O-O
9.Be2 Qa5 10.O-O Qxc3 11.d5 Qa5 12.Bg5 Qc7 13.h3 b6 14.Qd2 Rd8 15.Rfd1 Nc6
16.Rbc1 Bb7 17.Qe3 Na5 18.h4 f6 19.Bf4 e5 20.dxe6 Qe7 21.Nd2 Rd4 22.Nb3 Rxd1+
23.Rxd1 Qxe6 24.Nxa5 bxa5 25.Qxc5 Qxe4 26.Bf3 Qxf4 27.Bxb7 Rf8 28.h5 gxh5
29.Qxa5 f5 30.Qxa7 h4 31.a4 Be5 32.a5 Bc7 33.Bd5+ Kh8 34.Bc6 Rf6 35.Qc5 Kg7
36.Rd7+ Rf7 37.Rd1 Rf6 38.Qc3 Qe5 39.Qb4 h3 40.gxh3  1/2-1/2

[Event "Thessaloniki ol (Women)"]
[Site "Thessaloniki"]
[Date "1984.??.??"]
[Round "1"]
[White "Arbil, Joan"]
[Black "Vokralova, Stepanka"]
[Result "1/2-1/2"]
[WhiteElo "1865"]
[BlackElo "2230"]

1.d4 Nf6 2.c4 g6 3.Nc3 d5 4.cxd5 Nxd5 5.e4 Nxc3 6.bxc3 Bg7 7.Bc4 O-O 8.Ne2 Nc6
9.O-O Na5 10.Bd3 c5 11.Be3 Qd7 12.Rb1 Rd8 13.f3 b6 14.Qe1 cxd4 15.cxd4 Bb7
16.Qf2 Rac8 17.Rfc1 e6 18.g4 Rxc1+ 19.Rxc1 Rc8 20.Qe1 f5 21.gxf5 Rxc1 22.Qxc1 gxf5
23.Qc2 fxe4 24.fxe4 Bc6 25.Qd2 Nb7 26.Qe1 Nd6 27.Qh4 e5 28.d5  1/2-1/2

[Event "Tirnavia"]
[Site "Trnava"]
[Date "1984.??.??"]
[Round "1"]
[White "Ftacnik, Lubomir"]
[Black "Stohl, Igor"]
[Result "1-0"]
[WhiteElo "2570"]
[BlackElo "2405"]

1.d4 Nf6 2.c4 g6 3.Nc3 d5 4.cxd5 Nxd5 5.e4 Nxc3 6.bxc3 Bg7 7.Bc4 O-O 8.Be3 c5
9.Ne2 Nc6 10.O-O Qc7 11.Rc1 Rd8 12.Qd2 Qa5 13.Rfd1 Bg4 14.f3 Ne5 15.Bd5 Rxd5
16.exd5 Nc4 17.Qd3 Nb2 18.Qb1 Nxd1 19.Qxb7 Rd8 20.Rxd1 Bc8 21.Qxe7 Bf8 22.Qf6 Re8
23.Qf4 Qxa2 24.Ng3 Qxd5 25.Ne4 Bg7 26.Nxc5 Qc4 27.Bf2 Qxc3 28.d5 Be5 29.Qa4 Rd8
30.f4 Bg4 31.Re1 Bg7 32.h3 Bf5 33.Re8+ Rxe8 34.Qxe8+ Bf8 35.d6 Qc4 36.Kh2 Qxf4+
37.Bg3 Qb4 38.d7 Bxd7 39.Nxd7 Qe7 40.Qc8 f6 41.Bf2 Qd6+  1-0